MODELLO DOCUMENTO R54AC (Record n. 107800)

Dettagli MARC
000 -LEADER
fixed length control field 00671agaaa2200217 4500
001 - CONTROL NUMBER
control field 54AC
003 - CONTROL NUMBER IDENTIFIER
control field IT-RoPAU
005 - DATE AND TIME OF LATEST TRANSACTION
control field 20220918181302.0
007 - PHYSICAL DESCRIPTION FIXED FIELD--GENERAL INFORMATION
fixed length control field d cvaizq
008 - FIXED-LENGTH DATA ELEMENTS--GENERAL INFORMATION
fixed length control field 50131s9999||||xx ||| | || ||und||
040 ## - CATALOGING SOURCE
Original cataloging agency IT-RoPAU
Transcribing agency IT-RoPAU
100 ## - MAIN ENTRY--PERSONAL NAME
Personal name N.d.
9 (RLIN) 35592
130 ## - MAIN ENTRY--UNIFORM TITLE
Uniform title MODELLO DOCUMENTO R54AC
9 (RLIN) 53657
245 ## - TITLE STATEMENT
Title MODELLO DOCUMENTO R54AC
Statement of responsibility, etc. Diretto da: N.d.
Name of part/section of a work MODELLO DOCUMENTO R54AC (Rif. Codice opera principale : R54AC)
250 ## - EDITION STATEMENT
Edition statement Edizione Standard
260 ## - PUBLICATION, DISTRIBUTION, ETC. (IMPRINT)
Place of publication, distribution, etc. ROMA (ITALIA)
Name of publisher, distributor, etc. ABETE /
Date of manufacture n.d.
300 ## - PHYSICAL DESCRIPTION
Extent VHS
Other physical details sonoro, col.
650 ## - SUBJECT ADDED ENTRY--TOPICAL TERM
Relator term TV-PROGRAMMI MUSICALI []
General subdivision Codice MATERIA SPICS: 9965
9 (RLIN) 53658
700 ## - ADDED ENTRY--PERSONAL NAME
Personal name N.d.
9 (RLIN) 35592
942 ## - ADDED ENTRY ELEMENTS (KOHA)
Koha item type VHS - VIDEO
Source of classification or shelving scheme Dewey Decimal Classification
Dati di copia
Withdrawn status Lost status Damaged status Not for loan Home library Current library Date acquired Total Checkouts Full call number Date last seen Price effective from Koha item type Public note
    Buone Condizioni Not For Loan SPICS-MEDIATECA SPICS-MEDIATECA 31/01/2015   R54AC 31/01/2015 31/01/2015 VHS - VIDEO Progr. Ins.: 832 / N.Vol.: / Copie: 1 / Pag.: / Copia rara: n.d. / date import: 1.2.2015 / By Epidotti, Trombetti, Vaglietti
CREDITS: SOCIETA' SAN PAOLO Via A.Severo, 58 - ROMA (RM) & PERIODICI SAN PAOLO SRL Via Giotto, 36 MILANO & CISF Via Giotto, 36 MILANO & EDIZIONI SAN PAOLO SRL,  Piazza Soncino, 5 CINISELLO BALSAMO (MI) -- ITALY